Statistiques concernant Mots en verlan

Cliquez ici pour prendre le quiz!

Statistiques générales

  • Ce quiz a été pris 1 355 fois
  • Le résultat moyen est 19 sur 20

Statistiques - réponses

VerlanMot% Correct
MeufFemme
99%
ChelouLouche
99%
CimerMerci
99%
TeubéBête
98%
OufFou
98%
ZarbiBizarre
97%
VénèreÉnervé
97%
TeufFête
97%
RelouLourd
97%
VerlanÀ l'envers
96%
TurfuFutur
96%
ChanméMéchant
95%
RenoiNoir
95%
RipouPourri
95%
ZonméMaison
93%
TigenGentil
92%
ReumMère
92%
Port'nawakN'importe quoi
90%
KeufFlic
79%
NoicheChinois
71%

Distribution des résultats

Percentile par nombre de réponses

% des personnes avec chaque résultat

Votre développement - résultats

Vous n’avez pas pris ce quiz